000 00644nam a22001937a 4500
003 DO-SdBNP
005 20171129150827.0
008 171120b 1992 mx||| 00| 0 spa d
020 _a9688802670 (Obra completa)
040 _aBPMSU
_bspa
_cBPMSU
100 _aCurtin , Dennis P,
245 1 _aManual moderno de computación :
_blotus 1-2-3
_cDennis P. Curtin ; traducción Edmundo Gerardo Urbina Medal
260 _aMéxico :
_bPrentice-Hall Hispanoamericana,
_c1992.
300 _a243 p.
_bcuadros
_c28 cm
700 1 _aUrbina Medal, Edmundo Gerardo,
_etr.
942 _2ddc
_cBK
945 _aInventariado extranjero / 2017 BT
956 _adgarcia
999 _c12962
_d12962